000 00380pab a2200157 454500
008 180718b2014 xxu||||| |||| 00| 0 eng d
100 _aChandrasekhar, C.P.
245 _aOff - target on monetary policy
260 _c2014
300 _ap.27-30.
362 _a1 Mar
650 _aMonetary policy
773 _aEconomic and Political Weekly
908 _aN
909 _a103549
999 _c103545
_d103545